00831nam a2200265 u 450000100100000000500170001000800410002702000180006804100100008604300120009608200190010810000310012724501490015825000120030726000320031930000110035149000180036250400360038065000330041665000280044965000260047765000290050365000150053270000180054700005514320200120223004.0110215s1999 sp gr 000 0 spa d a97884742644320 a* spa ae-sp---04a361.6bM172211 aMartín Beristain, Carlos10aReconstruir el tejido social :bun enfoque crítico de la ayuda humanitaria /cCarlos Martín Beristain ; coautores Giorgia Dona ... [et al.]. a1a. ed. aBarcelona :bIcaria,c1999. a287 p.0 aAntrazyrv146 aIncluye bibliografía y notas.14aCooperación internacional.24aAyuda a sobrevivientes.24aViolencia política.24aTrabajo social médico.24aDesastres.1 aDona, Giorgia